LEADER 01521nas--2200445---450- 001 990003486130203316 005 20141028152529.0 011 $a0010-4884 035 $a000348613 035 $aUSA01000348613 035 $a(ALEPH)000348613USA01 035 $a000348613 100 $a20110119a----9999km-y-itay50------ba 101 0 $aeng 102 $aUS 110 $aafazz--|||| 200 1 $aComputing reviews$eAssociation for Computing Machinery 210 $aNew York$cAssociation for Computing Machinery 215 $av.$cill.$d25 cm 300 $aComincia nel 1960 300 $aDescrione basata su Vol.47, n.1(2006) 300 $aIncluso nel pacchetto: ACM DIGITAL LIBRARY CORE PACKAGE 326 $aMensile 422 1$1001000349508$12001$aCommunications of the ACM 606 0 $aInformatica$xPeriodici$2BNCF 676 $a004.05 712 02$aAssociation for Computing Machinery 801 0$aIT$bsalbc$gISBD 856 4$uhttp://librarians.acm.org/acm-computing-reviews$4.$zOnline da workstation autorizzate 912 $a990003486130203316 958 $aSCI$bPER II$c1973-2013;$l1979; 1981; 1994; 2004; 959 $aSE 979 $aCIANATIEMP$b90$c20110119$lUSA01$h1411 979 $aCIANATIEMP$b90$c20110126$lUSA01$h1715 979 $aCIANATIEMP$b90$c20110127$lUSA01$h0937 979 $aCIANATIEMP$b90$c20110207$lUSA01$h1413 979 $aVITTORIANA$b90$c20130130$lUSA01$h1227 979 $aANGELA$b90$c20141028$lUSA01$h1525 996 $aComputing reviews$9104888 997 $aUNISA LEADER 01012nam a2200265 i 4500 001 991000119119707536 005 20020503114317.0 008 000601s1990 it ||| | ||| 020 $a8870752151 035 $ab10032472-39ule_inst 035 $aocm00001119$9ExL 040 $aDip.to Beni Culturali$bita 082 04$a022.9 100 1 $aPellicioli, Ivana$07320 245 13$aLa segnaletica per la biblioteca /$cIvana Pelliccioli 260 $aMilano :$bBibliografica,$c1990 300 $a88 p. :$bill. ;$c25 cm. 650 4$aBiblioteche$xServizi$xSegnaletica 907 $a.b10032472$b05-11-12$c31-05-02 912 $a991000119119707536 945 $aLE001$g1$i2001000008476$lle001$o-$pE0.00$q-$rl$s- $t0$u0$v0$w0$x0$y.i10035813$z31-05-02 945 $aLE023 022.9 PEL 1 1 Uff. Bibl.$g1$i2023000159156$lle023$o-$pE0.00$q-$rn$so $t0$u0$v0$w0$x0$y.i1216611x$z05-03-03 996 $aSegnaletica per la biblioteca$9177832 997 $aUNISALENTO 998 $ale001$ale023$b01-01-00$cm$da $e-$fita$git $h3$i1